00650nam a2200241 a 4500001001300000003000900013005001700022008004100039020001000080082001300090100001500103245003300118260003400151300000900185500003500194505001000229650001300239700001500252902000800267942000700275952011300282999001300395nice12345678IN_TiNIC20260116011313.0050524s1900 lona grp 000 0 eng  ac10000a294bGED aGeden, A S aStudies in Eastern Religions aLondonbCharles H Kellyc1900 a378p aincludes index and biblioraphy2 aIndex aHinduism1 aGeden, A S bSRS cBK 001040708StackRoom-aHMIbHMId2007-07-20g100.00l0o294 GEDp00631r2007-07-20v100.00w2005-05-24yBK c337d337